| Tag |
First Indicator |
Second Indicator |
Subfields |
| LEADER |
00000pam a2200000 a 4500 |
| 001 |
in00000644513 |
| 005 |
20241021192954.5 |
| 008 |
800722s1980 ctuaf b 001 0 engm |
| 010 |
|
|
|a 80001798
|
| 020 |
|
|
|a 0313227357 (lib. bdg.)
|
| 035 |
|
|
|a (OCoLC)06602707
|
| 035 |
|
|
|9 ACW2787AM
|
| 040 |
|
|
|a DLC
|c DLC
|d m.c.
|d TXA
|d UtOrBLW
|
| 043 |
|
|
|a n-us-ny
|a n-us---
|
| 049 |
|
|
|a TXAM
|c [1480117]
|
| 050 |
0 |
0 |
|a HD9829.S3
|b A44
|
| 082 |
0 |
|
|a 338.7/6762/0973
|2 19
|
| 100 |
1 |
|
|a Amigo, Eleanor.
|
| 245 |
1 |
0 |
|a Beyond the Adirondacks :
|b the story of St. Regis Paper Company /
|c Eleanor Amigo and Mark Neuffer ; Elwood R. Maunder, general editor.
|
| 264 |
|
1 |
|a Westport, Conn. :
|b Greenwood Press,
|c 1980.
|
| 300 |
|
|
|a xi, 219 pages, 27 unnumbered pages of plates :
|b illustrations ;
|c 25 cm.
|
| 336 |
|
|
|a text
|b txt
|2 rdacontent
|
| 337 |
|
|
|a unmediated
|b n
|2 rdamedia
|
| 338 |
|
|
|a volume
|b nc
|2 rdacarrier
|
| 490 |
1 |
|
|a Contributions in economics and economic history,
|x 0084-9235 ;
|v no. 35
|
| 504 |
|
|
|a Includes bibliographical references (pages 203-204) and index.
|
| 610 |
2 |
0 |
|a St. Regis Paper Company
|x History.
|
| 700 |
1 |
|
|a Neuffer, Mark.
|
| 700 |
1 |
|
|a Maunder, Elwood R.
|
| 830 |
|
0 |
|a Contributions in economics and economic history.
|x 0084-9235 ;
|v no. 35.
|
| 999 |
|
|
|a MARS
|
| 999 |
f |
f |
|s cccd0024-eec5-373c-bbfc-56c94c98045f
|i 0c4959af-1ccc-3bc8-920b-9c5a1eee200b
|t 0
|
| 952 |
f |
f |
|p noncirc
|a Texas A&M University
|b J.J. Pickle Campus
|c High Density Repository
|d Remote Storage
|t 0
|e HD9829.S3 A44 1980
|h Library of Congress classification
|i unmediated -- volume
|m A14853334569
|
| 952 |
f |
f |
|p ric
|a Texas A&M University
|b Rellis Campus
|c Joint Library Facility
|d Remote Storage
|t 0
|e HD9829.S3 A44
|h Library of Congress classification
|i unmediated -- volume
|m A14802741900
|
| 998 |
f |
f |
|a HD9829.S3 A44
|t 0
|l Remote Storage
|
| 998 |
f |
f |
|a HD9829.S3 A44 1980
|t 0
|l Remote Storage
|